أسس بناء المناهج التربوية وتصميم الكتاب التعليمي / (رقم التسجيلة. 34122)

تفاصيل مارك
000 -الفاتح
حقل البيانات ثابتة الطول 00806nam a22002177a 4500
003 - محدد رقم الضبط
رقم الضبط OSt
005 - وقت وتاريخ اخر تعامل مع التسجيلة
رقم الضبط 20150408114211.0
008 - عناصر البيانات ثابتة الطول - معلومات عامة
حقل البيانات ثابتة الطول 130130s 2011jo ||||g b 00| 0 are d
020 ## - الرقم الدولى المعيارى للكتب
الرقم الدولى المعيارى للكتاب 9789957062200
040 ## - مصدر الفهرسة
وكالة الفهرسة الأصلية Ma-un
082 ## - رقم تصنيف ديوى العشرى
رقم الطبعة 21
رقم التصنيف 375
رقم المادة خ م أ
100 ## - المدخل الرئيسى - إسم شخصى
الإسم الشخصى الخوالدة، محمد محمود
9 (RLIN) 20229
245 ## - بيان العنوان
العنوان أسس بناء المناهج التربوية وتصميم الكتاب التعليمي /
بيان المسئوليه,etc محمد محمود الخوالدة.
250 ## - بيان الطبعة
بيان الطبعة ط. 3.
260 ## - PUBLICATION, DISTRIBUTION, ETC. (IMPRINT)
مكان الناشر او الموزع عمان، الأردن :
اسم الناشر او الموزع دار المسيرة،
تاريخ النشر أو التوزيع 2011.
300 ## - الوصف المادى
التعداد 336 ص. :
تفاصيل ماديه اخرى للوعاء إيض. ؛
أبعاد الوعاء 24 سم.
504 ## - تبصرة ببليوجرافية
تبصرة ببليوجرافية,الخ يشتمل علي إرجاعات ببليوجرافية.
650 ## - المدخل الاضافى بالموضوع-مصطلح موضوعى
9 (RLIN) 2853
مصطلح موضوعي أو اسم جغرافي كعنصر مدخل المناهج
التقسيم الفرعي العام تطوير
650 ## - المدخل الاضافى بالموضوع-مصطلح موضوعى
مصطلح موضوعي أو اسم جغرافي كعنصر مدخل التعليم
9 (RLIN) 20230
التقسيم الفرعي العام مناهج
-- تخطيط
942 ## - عناصر المدخل الإضافي( كوها)
مصدر التصنيف او مخطط الترفيف Dewey Decimal Classification
Koha [default] item type كتاب
المقتنيات
حالة الفقد نموذج السعر الفعال حالة تلف ليس للاعارة رقم الطلب تاريخ الاكتساب الموقع الحالي الباركود الفرع الرئيسي Date last checked out Date last seen نوع المادة فى نظام كوها مصدر التصنيف او خطة الترفيف Total Checkouts Total Renewals
  2014-03-12     375 خ م أ 2014-03-12 المكتبة المركزية بالمجمعة (CL) 00129028 المكتبة المركزية بالمجمعة (CL) 2019-12-05 2019-12-05 كتاب Dewey Decimal Classification 3  
  2014-03-12     375 خ م أ 2014-03-12 المكتبة المركزية بالمجمعة (CL) 00129029 المكتبة المركزية بالمجمعة (CL) 2021-09-08 2022-05-30 كتاب Dewey Decimal Classification 1  
  2014-03-12     375 خ م أ 2014-03-12 المكتبة المركزية بالمجمعة (CL) 00129030 المكتبة المركزية بالمجمعة (CL)   2014-03-12 كتاب Dewey Decimal Classification    
  2014-03-12     375 خ م أ 2014-03-12 قسم الاجراءات الفنية (IC) 00129146 قسم الاجراءات الفنية (IC)   2014-03-12 كتاب Dewey Decimal Classification    
  2014-03-12     375 خ م أ 2014-03-12 قسم الاجراءات الفنية (IC) 00129147 قسم الاجراءات الفنية (IC)   2014-03-12 كتاب Dewey Decimal Classification    
  2014-03-12     375 خ م أ 2014-03-12 مكتبة كلية العلوم و الدراسات الإنسانية برماح - طلاب (SRM) 00129148 مكتبة كلية العلوم و الدراسات الإنسانية برماح - طلاب (SRM)   2014-03-12 كتاب Dewey Decimal Classification    
  2014-03-12     375 خ م أ 2014-03-12 مكتبة كلية العلوم و الدراسات الإنسانية برماح - طلاب (SRM) 00129149 مكتبة كلية العلوم و الدراسات الإنسانية برماح - طلاب (SRM)   2014-03-12 كتاب Dewey Decimal Classification    
  2014-03-12     375 خ م أ 2014-03-12 مكتبة مجمع الطالبات بالمجمعة (EMF) 00129144 مكتبة مجمع الطالبات بالمجمعة (EMF) 2016-03-08 2016-03-24 كتاب Dewey Decimal Classification 2  
  2014-03-12     375 خ م أ 2014-03-12 مكتبة مجمع الطالبات بالمجمعة (EMF) 00129145 مكتبة مجمع الطالبات بالمجمعة (EMF) 2021-09-08 2021-09-09 كتاب Dewey Decimal Classification 2 1
  2014-03-12     375 خ م أ 2014-03-12 مكتبة مجمع الكليات بالزلفى - طلاب (SZM) 00129150 مكتبة مجمع الكليات بالزلفى - طلاب (SZM)   2014-03-12 كتاب Dewey Decimal Classification    
  2014-03-12     375 خ م أ 2014-03-12 مكتبة مجمع الكليات بالزلفى - طلاب (SZM) 00129151 مكتبة مجمع الكليات بالزلفى - طلاب (SZM)   2014-03-12 كتاب Dewey Decimal Classification